000 00469nam a2200181Ia 4500
003 GCL
008 140319s9999 xx 000 0 eng d
040 _aGCL /
_cGCL
082 0 4 _a720.92
_bS H
100 1 _aSTEELE, JAMES
245 1 0 _aHASSAN FATHY /
_cSTEELE, JAMES
260 _a[S.N] :
_bACDEMIC PRESS ،
_c1988
300 _a149 P ؛
_c30 cm.
490 _aARCHITECTURE OF THE WORLD
_v0
650 0 4 _aARCHITECTURE
650 0 4 _aFATHY, HASSAN
942 _2ddc
_cBK
999 _c25704
_d25704